000 00397nam a2200145Ia 4500
005 20260303131034.0
022 _a0302- 4660
050 _aRJ45. N54
245 _aNigerian Journal of Paediatrics
250 _aVol. 51, No. 2
260 _aNigeria
_bPaediatric Association of Nigeria (PAN)
_c2024
300 _aiii. 227 p. : ill. ; 28 cm.
650 _aPaediatrics-- Periodicals
942 _cSR
_2lcc
999 _c37375
_d37375